000 00488nam a2200157 a 4500
001 000036508
005 20200930075753.0
008 120119s19uu be a 000 0 fre d
040 _aDO-SdBNP
_bspa
_cBNPHU
082 _axxx
_bH372c
100 1 _aHaulot, Arthur
_962752
245 1 3 _aAux couleurs de Belgique /
_cArthur Haulot ; préface Marcel Thiry.
260 _aBruxelles :
_bEditions Est-Ouest,
_c[s. f.].
300 _a123 p. :
_bil. ;
_c28 cm.
700 1 _aThiry, Marcel,
_epref.
_962753
999 _c35999
_d35999